| 000 | 00714nam a2200205 4500 | ||
|---|---|---|---|
| 001 | 45657 | ||
| 021 | _b373182/14 | ||
| 090 | _a45657 | ||
| 100 | _a20140812e20141969m y0pory50030103ba | ||
| 101 | 0 | _apor | |
| 102 | _aPT | ||
| 200 | 1 |
_aO encoberto _fNatália Correia |
|
| 210 | 9 |
_a[Lisboa] _cGaleria Panorama _d[s.d.] |
|
| 215 |
_a267, [2] p. _d20 cm |
||
| 305 | _aEd. fac-simile. Dados bibliográficos referentes à edição original. Ed. especial de obras proibidas pela Censura do Estado Novo. | ||
| 675 |
_a821.134.3-24"19" _vBN _zpor |
||
| 700 | 1 |
_aCorreia, _bNatália, _f1923-1993 |
|
| 801 | 0 |
_aPT _bBN _gRPC |
|
| 856 | 4 | 1 | _uhttp://rnod.bnportugal.gov.pt/ImagesBN/winlibimg.aspx?skey=&doc=1881363&img=46861&save=true |
| 990 | _cMON | ||